000 00482nam a2200169Ia 4500
003 OSt
005 20200915104253.0
008 190216s9999||||xx |||||||||||||| ||und||
040 _coclc
082 _a492.7
_bPAL/S
100 _aPalliyath, Haneef
_94582
245 0 _aSecretarial Practice In Arabic /
_cHaneef Palliyath
260 _bAl Huda Book Stall,
_aCalicut:
_c2003.
300 _a141p
650 _aArabic
942 _cBK
_2ddc
_h492.7
_iPAL/S
_k492.7
_mPAL/S
999 _c594
_d594